000 00942nam a2200217Ia 4500
001 11101
003 GE_BSU
008 181216s||||||||xx |||||||||||||| ||und||
040 _cGE_BSU
080 _a811.353.1'373+81'374.3=353.1
100 _aორბელიანი,სულხან-საბა
245 _aთხზულებანი ოთხ ტომად.ტ.IV.2.
245 _cავტოგრაფული ნუსხების მიხედვით გამოსაცემად მოამზადა ილია აბულაძემ; მხატვ.ვლ.ქუთათელაძე.
260 _aთბილისი
260 _bსაბჭოთა საქართველო.
260 _c1966.
300 _a455გვ;22სმ.
300 _eდანართი გვ.644
653 _aთხზულებანი ოთხ ტომად.ტ.IV.2.
942 _cBK
999 _c44340
_d44340